[Event "blitmenteam"]
[Site "?"]
[Date "2016.10.07"]
[Round "10.16"]
[White "Usmanov, Vasily"]
[Black "Vastrukhin, Oleg"]
[Result "0-1"]
[LiveChessVersion "1.4.4"]
[BlackElo "2355"]
[WhiteElo "2396"]

1. Nf3 {[%clk 0:03:03]} g6 {[%clk 0:02:59]} 2. d4 {[%clk 0:03:03]} Bg7
{[%clk 0:03:00]} 3. c4 {[%clk 0:03:03]} Nf6 {[%clk 0:03:01]} 4. Nc3
{[%clk 0:03:04]} d5 {[%clk 0:03:02]} 5. cxd5 Nxd5 {[%clk 0:03:03]} 6. Bg5
{[%clk 0:03:05]} O-O {[%clk 0:02:54]} 7. e3 {[%clk 0:03:06]} h6 {[%clk 0:02:51]}
8. Bh4 {[%clk 0:03:02]} Nf6 {[%clk 0:02:45]} 9. Bc4 {[%clk 0:02:58]} a6
{[%clk 0:02:43]} 10. a4 {[%clk 0:02:53]} Nbd7 {[%clk 0:02:44]} 11. O-O
{[%clk 0:02:53]} c5 {[%clk 0:02:45]} 12. Qb3 {[%clk 0:02:36]} cxd4
{[%clk 0:02:41]} 13. exd4 {[%clk 0:02:31]} Nb6 {[%clk 0:02:31]} 14. a5
{[%clk 0:02:20]} Nxc4 {[%clk 0:02:30]} 15. Qxc4 {[%clk 0:02:21]} Be6
{[%clk 0:02:25]} 16. Qb4 {[%clk 0:02:16]} Qd6 {[%clk 0:02:17]} 17. Qxd6 exd6 18.
Bg3 {[%clk 0:02:10]} Rfd8 {[%clk 0:02:15]} 19. h3 {[%clk 0:02:07]} Rac8
{[%clk 0:02:13]} 20. Ra4 {[%clk 0:02:06]} Nd5 {[%clk 0:02:05]} 21. Nxd5
{[%clk 0:02:04]} Bxd5 {[%clk 0:02:06]} 22. Rb4 {[%clk 0:02:04]} Rc2
{[%clk 0:02:03]} 23. Re1 {[%clk 0:01:59]} Bf6 {[%clk 0:02:04]} 24. Bf4
{[%clk 0:01:59]} g5 {[%clk 0:02:02]} 25. Rc1 {[%clk 0:01:53]} Rxc1+
{[%clk 0:01:59]} 26. Bxc1 {[%clk 0:01:54]} Rc8 {[%clk 0:01:57]} 27. Be3
{[%clk 0:01:55]} Bd8 {[%clk 0:01:50]} 28. Ra4 {[%clk 0:01:52]} Rc2
{[%clk 0:01:44]} 29. b4 {[%clk 0:01:43]} f5 {[%clk 0:01:45]} 30. Ra1
{[%clk 0:01:39]} f4 {[%clk 0:01:46]} 31. Rc1 {[%clk 0:01:37]} Rxc1+
{[%clk 0:01:44]} 32. Bxc1 {[%clk 0:01:38]} Bxf3 {[%clk 0:01:43]} 33. gxf3
{[%clk 0:01:39]} Bf6 {[%clk 0:01:41]} 34. d5 {[%clk 0:01:18]} Bc3
{[%clk 0:01:41]} 35. Ba3 {[%clk 0:01:15]} Kg7 {[%clk 0:01:41]} 36. Kf1
{[%clk 0:01:08]} Kf6 {[%clk 0:01:42]} 37. Ke2 {[%clk 0:01:06]} Bd4
{[%clk 0:01:43]} 38. Kd3 {[%clk 0:00:59]} Bxf2 {[%clk 0:01:44]} 39. Ke4
{[%clk 0:00:50]} Be1 {[%clk 0:01:36]} 40. b5 {[%clk 0:00:46]} axb5
{[%clk 0:01:35]} 41. Bxd6 {[%clk 0:00:47]} Bxa5 {[%clk 0:01:36]} 42. Be5+
{[%clk 0:00:47]} Kf7 {[%clk 0:01:33]} 43. Kf5 {[%clk 0:00:45]} b4
{[%clk 0:01:31]} 44. Bb2 {[%clk 0:00:44]} b3 {[%clk 0:01:28]} 45. d6
{[%clk 0:00:19]} Bd8 {[%clk 0:01:29]} 46. Be5 {[%clk 0:00:14]} h5
{[%clk 0:01:25]} 47. d7 {[%clk 0:00:11]} Ke7 {[%clk 0:01:22]} 48. Kxg5
{[%clk 0:00:12]} Kxd7+ {[%clk 0:01:23]} 49. Kxf4 {[%clk 0:00:13]} Ke6
{[%clk 0:01:24]} 50. Bb2 {[%clk 0:00:05]} Bf6 {[%clk 0:01:24]} 51. Ba3
{[%clk 0:00:06]} b5 {[%clk 0:01:23]} 52. Ke4 {[%clk 0:00:07]} b4 {[%clk 0:01:23]}
53. Bc1 {[%clk 0:00:07]} b2 {[%clk 0:01:21]} 54. Bxb2 Bxb2 {[%clk 0:01:23]} 55.
f4 {[%clk 0:00:10]} Bg7 {[%clk 0:01:21]} 56. h4 {[%clk 0:00:11]} Bf6
{[%clk 0:01:22]} 57. f5+ {[%clk 0:00:13]} Kf7 {[%clk 0:01:23]} 58. Kd3
{[%clk 0:00:14]} Bxh4 {[%clk 0:01:24]} 59. Kc4 {[%clk 0:00:15]} Be7
{[%clk 0:01:25]} 60. Kb3 {[%clk 0:00:16]} Kf6 {[%clk 0:01:26]} 61. Kc4
{[%clk 0:00:18]} Kxf5 {[%clk 0:01:27]} 62. Kb3 {[%clk 0:00:19]} h4
{[%clk 0:01:29]} 63. Kc4 {[%clk 0:00:21]} h3 {[%clk 0:01:30]} 64. Kb3
{[%clk 0:00:22]} h2 {[%clk 0:01:31]} 65. Kc4 {[%clk 0:00:24]} Ke4
{[%clk 0:01:33]} 66. Kb3 {[%clk 0:00:25]} Kd3 {[%clk 0:01:34]} 0-1

[Event "blitmenteam"]
[Site "?"]
[Date "2016.10.07"]
[Round "10.17"]
[White "Savchenko, Boris"]
[Black "Tekeyev, Zaur"]
[Result "0-1"]
[LiveChessVersion "1.4.4"]
[BlackElo "2438"]
[WhiteElo "2626"]

1. e4 {[%clk 0:03:02]} c5 {[%clk 0:03:04]} 2. Nf3 {[%clk 0:03:03]} Nc6
{[%clk 0:03:05]} 3. d4 {[%clk 0:03:03]} cxd4 {[%clk 0:03:06]} 4. Nxd4
{[%clk 0:03:04]} e5 {[%clk 0:03:08]} 5. Nb5 {[%clk 0:03:05]} d6 {[%clk 0:03:09]}
6. c4 {[%clk 0:03:06]} Be7 {[%clk 0:03:10]} 7. N1c3 {[%clk 0:03:05]} a6
{[%clk 0:03:11]} 8. Na3 {[%clk 0:03:06]} Nf6 {[%clk 0:03:06]} 9. Nc2
{[%clk 0:03:07]} O-O {[%clk 0:03:07]} 10. Ne3 {[%clk 0:03:06]} Be6
{[%clk 0:03:05]} 11. Bd3 {[%clk 0:03:07]} Nd7 {[%clk 0:03:03]} 12. O-O
{[%clk 0:03:04]} Bg5 {[%clk 0:02:57]} 13. Re1 {[%clk 0:03:02]} Nc5
{[%clk 0:02:58]} 14. Bf1 {[%clk 0:03:00]} Nd4 {[%clk 0:02:44]} 15. b3
{[%clk 0:02:59]} Rb8 {[%clk 0:02:43]} 16. Nc2 {[%clk 0:02:26]} Bxc1
{[%clk 0:02:04]} 17. Rxc1 {[%clk 0:02:26]} Nxc2 {[%clk 0:01:59]} 18. Rxc2
{[%clk 0:02:27]} Qb6 {[%clk 0:01:48]} 19. Re3 {[%clk 0:02:01]} Rfd8
{[%clk 0:01:34]} 20. Be2 {[%clk 0:02:01]} Qa5 {[%clk 0:01:27]} 21. Bg4
{[%clk 0:01:53]} b5 {[%clk 0:01:24]} 22. Bxe6 {[%clk 0:01:48]} fxe6
{[%clk 0:01:23]} 23. cxb5 {[%clk 0:01:03]} axb5 {[%clk 0:01:25]} 24. Qg4
{[%clk 0:00:54]} Rb7 {[%clk 0:00:59]} 25. h4 {[%clk 0:00:49]} Rf7
{[%clk 0:00:55]} 26. Rd2 {[%clk 0:00:45]} b4 {[%clk 0:00:35]} 27. Ne2
{[%clk 0:00:43]} Qb6 {[%clk 0:00:32]} 28. Ng3 {[%clk 0:00:34]} Rdf8
{[%clk 0:00:29]} 29. Nh5 {[%clk 0:00:32]} Kh8 {[%clk 0:00:30]} 30. Rf3
{[%clk 0:00:27]} g6 {[%clk 0:00:21]} 31. Rxf7 {[%clk 0:00:25]} Rxf7
{[%clk 0:00:22]} 32. Ng3 {[%clk 0:00:23]} Qd8 {[%clk 0:00:11]} 33. f3
{[%clk 0:00:16]} Kg7 {[%clk 0:00:05]} 34. h5 {[%clk 0:00:14]} Rf4
{[%clk 0:00:07]} 35. Qh3 {[%clk 0:00:12]} Rh4 {[%clk 0:00:08]} 36. Rxd6
{[%clk 0:00:12]} Qg5 {[%clk 0:00:05]} 37. h6+ Kxh6 {[%clk 0:00:06]} 38. Qxh4+
{[%clk 0:00:04]} Qxh4 {[%clk 0:00:08]} 39. Kf2 {[%clk 0:00:05]} Qf4
{[%clk 0:00:08]} 40. Rd1 {[%clk 0:00:05]} Qf6 {[%clk 0:00:07]} 41. Ke3
{[%clk 0:00:04]} Qf4+ {[%clk 0:00:08]} 42. Kf2 {[%clk 0:00:06]} Kg7
{[%clk 0:00:10]} 43. Rd8 {[%clk 0:00:05]} h5 {[%clk 0:00:11]} 44. Rc8
{[%clk 0:00:04]} h4 {[%clk 0:00:12]} 45. Rc7+ {[%clk 0:00:05]} Kh6
{[%clk 0:00:12]} 46. Nf1 {[%clk 0:00:06]} Nxe4+ {[%clk 0:00:13]} 47. Kg1
{[%clk 0:00:06]} Ng3 {[%clk 0:00:14]} 48. Rc4 {[%clk 0:00:05]} Qg5
{[%clk 0:00:14]} 49. Rg4 {[%clk 0:00:05]} Qh5 {[%clk 0:00:13]} 50. Nd2
{[%clk 0:00:04]} g5 {[%clk 0:00:12]} 51. Rxb4 {[%clk 0:00:04]} Qe8
{[%clk 0:00:12]} 52. Ne4 {[%clk 0:00:04]} Ne2+ {[%clk 0:00:12]} 53. Kf2
{[%clk 0:00:05]} Nd4 {[%clk 0:00:13]} 54. Rb7 {[%clk 0:00:05]} Qc6
{[%clk 0:00:13]} 55. Rf7 {[%clk 0:00:04]} Qc2+ {[%clk 0:00:13]} 56. Kg1
{[%clk 0:00:06]} Ne2+ {[%clk 0:00:14]} 57. Kh2 {[%clk 0:00:07]} Nf4
{[%clk 0:00:15]} 58. Rf6+ {[%clk 0:00:08]} Kg7 {[%clk 0:00:17]} 59. Rxf4
{[%clk 0:00:08]} exf4 {[%clk 0:00:17]} 60. Nxg5 {[%clk 0:00:07]} e5
{[%clk 0:00:17]} 61. b4 {[%clk 0:00:07]} Qxa2 {[%clk 0:00:17]} 62. b5
{[%clk 0:00:07]} Qb3 {[%clk 0:00:15]} 63. Kh3 {[%clk 0:00:07]} Qxb5
{[%clk 0:00:11]} 64. Kxh4 {[%clk 0:00:08]} Qf1 {[%clk 0:00:11]} 65. Kg4
{[%clk 0:00:09]} Qxg2+ {[%clk 0:00:11]} 66. Kf5 {[%clk 0:00:11]} Qg3
{[%clk 0:00:09]} 67. Ne6+ {[%clk 0:00:11]} Kh8 {[%clk 0:00:09]} 68. Ng5
{[%clk 0:00:12]} Kg8 {[%clk 0:00:10]} 69. Kf6 {[%clk 0:00:12]} e4
{[%clk 0:00:09]} 0-1

[Event "blitmenteam"]
[Site "?"]
[Date "2016.10.07"]
[Round "10.18"]
[White "Nechaev, Oleg"]
[Black "Bocharov, Dmitry"]
[Result "0-1"]
[LiveChessVersion "1.4.4"]
[BlackElo "2660"]
[WhiteElo "2369"]

1. d4 {[%clk 0:03:01]} Nf6 {[%clk 0:03:01]} 2. Bg5 {[%clk 0:03:02]} e6
{[%clk 0:03:02]} 3. Nd2 {[%clk 0:03:02]} c5 {[%clk 0:02:47]} 4. e3
{[%clk 0:03:03]} cxd4 {[%clk 0:02:44]} 5. exd4 {[%clk 0:03:04]} b6
{[%clk 0:02:44]} 6. Ngf3 {[%clk 0:03:05]} Bb7 {[%clk 0:02:45]} 7. Bd3
{[%clk 0:03:06]} Be7 {[%clk 0:02:45]} 8. O-O {[%clk 0:03:06]} O-O
{[%clk 0:02:45]} 9. h3 {[%clk 0:03:08]} d6 {[%clk 0:02:41]} 10. Bf4
{[%clk 0:03:08]} Nbd7 {[%clk 0:02:34]} 11. Re1 {[%clk 0:03:07]} Rc8
{[%clk 0:02:33]} 12. c3 {[%clk 0:03:08]} Re8 {[%clk 0:02:33]} 13. Bh2
{[%clk 0:03:09]} Qc7 {[%clk 0:02:27]} 14. Qe2 {[%clk 0:03:07]} Nf8
{[%clk 0:02:19]} 15. a4 {[%clk 0:03:01]} Ng6 {[%clk 0:02:17]} 16. Ne4
{[%clk 0:02:53]} Bxe4 {[%clk 0:01:57]} 17. Bxe4 {[%clk 0:02:54]} Nxe4
{[%clk 0:01:57]} 18. Qxe4 {[%clk 0:02:54]} Qd7 {[%clk 0:01:47]} 19. h4
{[%clk 0:02:14]} h6 {[%clk 0:01:38]} 20. Bg3 {[%clk 0:02:08]} Bf8
{[%clk 0:01:31]} 21. h5 {[%clk 0:01:41]} Ne7 {[%clk 0:01:30]} 22. Bf4
{[%clk 0:01:41]} Nd5 {[%clk 0:01:25]} 23. Bd2 {[%clk 0:01:41]} Rc4
{[%clk 0:01:23]} 24. a5 {[%clk 0:01:18]} b5 {[%clk 0:01:21]} 25. Qg4
{[%clk 0:01:04]} Nf6 {[%clk 0:01:21]} 26. Qh3 {[%clk 0:01:02]} Ra4
{[%clk 0:01:05]} 27. b3 {[%clk 0:00:46]} Rxa1 {[%clk 0:01:05]} 28. Rxa1
{[%clk 0:00:48]} Qc6 {[%clk 0:00:56]} 29. g4 {[%clk 0:00:35]} Ne4
{[%clk 0:00:51]} 30. g5 {[%clk 0:00:22]} hxg5 {[%clk 0:00:34]} 31. Re1
{[%clk 0:00:15]} Qd5 {[%clk 0:00:30]} 32. c4 {[%clk 0:00:10]} bxc4
{[%clk 0:00:30]} 33. bxc4 {[%clk 0:00:11]} Qc6 {[%clk 0:00:27]} 34. Nxg5
{[%clk 0:00:06]} Nxg5 {[%clk 0:00:22]} 35. Bxg5 {[%clk 0:00:06]} Qxc4
{[%clk 0:00:21]} 36. h6 {[%clk 0:00:07]} Qc2 {[%clk 0:00:22]} 37. Re3
{[%clk 0:00:06]} Rb8 {[%clk 0:00:17]} 38. hxg7 {[%clk 0:00:04]} Bxg7
{[%clk 0:00:17]} 39. Qg4 {[%clk 0:00:04]} Qg6 {[%clk 0:00:16]} 40. Rg3
{[%clk 0:00:05]} d5 {[%clk 0:00:13]} 41. Qf4 {[%clk 0:00:07]} Rb1+
{[%clk 0:00:12]} 42. Kg2 {[%clk 0:00:08]} Qh7 {[%clk 0:00:12]} 43. Rh3
{[%clk 0:00:08]} Qe4+ {[%clk 0:00:12]} 44. Qxe4 {[%clk 0:00:09]} dxe4
{[%clk 0:00:13]} 45. Rc3 {[%clk 0:00:08]} Bxd4 {[%clk 0:00:14]} 46. Rc7
{[%clk 0:00:08]} Rb2 {[%clk 0:00:14]} 47. Kg3 {[%clk 0:00:08]} Be5+
{[%clk 0:00:14]} 0-1

[Event "blitmenteam"]
[Site "?"]
[Date "2016.10.07"]
[Round "10.19"]
[White "Evdokimov, Alexander A."]
[Black "Rozhko, Dmitry"]
[Result "1/2-1/2"]
[LiveChessVersion "1.4.4"]
[BlackElo "2288"]
[WhiteElo "2524"]

1. d4 {[%clk 0:02:59]} d5 {[%clk 0:03:04]} 2. c4 {[%clk 0:03:00]} c6
{[%clk 0:03:04]} 3. Nf3 {[%clk 0:03:00]} Nf6 {[%clk 0:03:05]} 4. Nc3
{[%clk 0:03:01]} Bf5 {[%clk 0:03:05]} 5. cxd5 {[%clk 0:09:21]} cxd5
{[%clk 0:03:03]} 6. Qb3 {[%clk 0:02:53]} Bc8 {[%clk 0:03:04]} 7. Bf4
{[%clk 0:02:46]} e6 {[%clk 0:02:49]} 8. e3 {[%clk 0:02:44]} Nc6 {[%clk 0:02:47]}
9. Be2 {[%clk 0:02:36]} Bd6 {[%clk 0:02:42]} 10. Bxd6 Qxd6 {[%clk 0:02:43]} 11.
O-O {[%clk 0:02:36]} O-O {[%clk 0:02:44]} 12. Rfc1 {[%clk 0:02:27]} Bd7
{[%clk 0:02:43]} 13. Nb5 {[%clk 0:02:19]} Qe7 {[%clk 0:02:33]} 14. Ne5
{[%clk 0:02:06]} Rfc8 {[%clk 0:02:25]} 15. Nxc6 {[%clk 0:00:45]} Bxc6
{[%clk 0:02:16]} 16. Nc3 {[%clk 0:00:47]} Rc7 {[%clk 0:02:05]} 17. Rc2
{[%clk 0:00:48]} Rac8 {[%clk 0:02:06]} 18. Rac1 {[%clk 0:00:50]} Ne4
{[%clk 0:01:47]} 19. Nxe4 {[%clk 0:00:50]} dxe4 {[%clk 0:01:48]} 20. Qc3
{[%clk 0:00:47]} Rd8 {[%clk 0:01:34]} 21. Qc5 {[%clk 0:00:48]} Qxc5
{[%clk 0:01:28]} 22. Rxc5 {[%clk 0:00:49]} Rcc8 {[%clk 0:01:28]} 23. b4
{[%clk 0:00:50]} Kf8 {[%clk 0:01:15]} 24. b5 {[%clk 0:00:50]} Bd7
{[%clk 0:01:15]} 25. Rc7 {[%clk 0:00:51]} Ke7 {[%clk 0:01:07]} 26. R1c5
{[%clk 0:00:43]} Kd6 {[%clk 0:01:01]} 27. Rxb7 {[%clk 0:00:38]} Rxc5
{[%clk 0:00:42]} 28. dxc5+ {[%clk 0:00:39]} Kxc5 {[%clk 0:00:42]} 29. h4
{[%clk 0:00:37]} Be8 {[%clk 0:00:12]} 30. Rxa7 {[%clk 0:00:38]} Rd2
{[%clk 0:00:13]} 31. Bf1 {[%clk 0:00:39]} Rd1 {[%clk 0:00:07]} 32. a4
{[%clk 0:00:41]} Ra1 {[%clk 0:00:07]} 33. Ra6 {[%clk 0:00:35]} e5
{[%clk 0:00:05]} 34. g4 {[%clk 0:00:36]} f6 {[%clk 0:00:05]} 35. Kg2
{[%clk 0:00:37]} h6 {[%clk 0:00:05]} 36. Ra8 {[%clk 0:00:27]} Bd7 37. Rd8
{[%clk 0:00:16]} Bxg4 {[%clk 0:00:06]} 38. Rd2 {[%clk 0:00:11]} Bf3+
{[%clk 0:00:07]} 39. Kg1 {[%clk 0:00:13]} Rxa4 40. Rb2 {[%clk 0:00:14]} Kb6
{[%clk 0:00:08]} 41. Bh3 {[%clk 0:00:14]} Ra5 {[%clk 0:00:08]} 42. Bd7
{[%clk 0:00:14]} Ra1+ {[%clk 0:00:08]} 43. Kh2 {[%clk 0:00:15]} Rh1+ 44. Kg3 Rg1+
{[%clk 0:00:09]} 45. Kh2 {[%clk 0:00:18]} Rh1+ {[%clk 0:00:09]} 46. Kg3
{[%clk 0:00:20]} Rg1+ {[%clk 0:00:09]} 47. Kh2 1/2-1/2

[Event "blitmenteam"]
[Site "?"]
[Date "2016.10.07"]
[Round "10.20"]
[White "Shandrygin, Nikita"]
[Black "Gochelashvili, David"]
[Result "0-1"]
[LiveChessVersion "1.4.4"]
[BlackElo "2439"]
[WhiteElo "2202"]

1. e4 {[%clk 0:03:03]} g6 {[%clk 0:03:01]} 2. d4 {[%clk 0:03:04]} Bg7
{[%clk 0:03:02]} 3. Be3 {[%clk 0:03:05]} c6 {[%clk 0:03:03]} 4. Nc3
{[%clk 0:03:06]} d5 {[%clk 0:02:57]} 5. Qd2 {[%clk 0:03:04]} dxe4
{[%clk 0:02:47]} 6. Nxe4 {[%clk 0:03:05]} Nd7 {[%clk 0:02:48]} 7. Nf3
{[%clk 0:02:58]} Ngf6 {[%clk 0:02:45]} 8. Ng3 {[%clk 0:02:48]} Nd5
{[%clk 0:02:25]} 9. Bh6 {[%clk 0:02:45]} Bxh6 {[%clk 0:02:25]} 10. Qxh6
{[%clk 0:02:46]} Qa5+ {[%clk 0:02:26]} 11. Qd2 {[%clk 0:02:42]} Qxd2+
{[%clk 0:02:26]} 12. Nxd2 {[%clk 0:02:32]} O-O {[%clk 0:02:21]} 13. Be2
{[%clk 0:02:24]} e5 {[%clk 0:02:10]} 14. dxe5 {[%clk 0:02:20]} Nf4
{[%clk 0:02:03]} 15. O-O {[%clk 0:02:06]} Nxe5 {[%clk 0:01:57]} 16. Rfe1
{[%clk 0:01:59]} f6 {[%clk 0:01:42]} 17. Bf1 {[%clk 0:01:44]} Kg7
{[%clk 0:01:42]} 18. Nge4 {[%clk 0:01:44]} Rd8 {[%clk 0:01:35]} 19. Rad1
{[%clk 0:01:30]} Bf5 {[%clk 0:01:32]} 20. f3 {[%clk 0:00:58]} Rd5
{[%clk 0:01:31]} 21. Nb3 {[%clk 0:00:24]} Bxe4 {[%clk 0:01:19]} 22. fxe4
{[%clk 0:00:24]} Rdd8 {[%clk 0:01:11]} 23. Nc5 {[%clk 0:00:23]} b6
{[%clk 0:01:08]} 24. Nb3 {[%clk 0:00:08]} a5 {[%clk 0:01:05]} 25. Kf2
{[%clk 0:00:05]} Kf7 {[%clk 0:01:04]} 26. g3 {[%clk 0:00:07]} Ne6
{[%clk 0:01:04]} 27. Bh3 {[%clk 0:00:07]} Ng5 {[%clk 0:01:03]} 28. Bg2
{[%clk 0:00:08]} Ng4+ {[%clk 0:01:01]} 29. Kg1 {[%clk 0:00:09]} Ne5
{[%clk 0:01:00]} 30. Kf2 {[%clk 0:00:07]} a4 {[%clk 0:00:49]} 31. Nd4
{[%clk 0:00:06]} Rd6 {[%clk 0:00:48]} 32. Ne2 {[%clk 0:00:04]} Ng4+
{[%clk 0:00:45]} 33. Kg1 {[%clk 0:00:05]} Rad8 {[%clk 0:00:43]} 34. Rxd6
{[%clk 0:00:05]} Rxd6 {[%clk 0:00:44]} 35. Nf4 {[%clk 0:00:04]} Rd2
{[%clk 0:00:42]} 36. h3 {[%clk 0:00:05]} Ne5 {[%clk 0:00:40]} 37. Re2
{[%clk 0:00:06]} Rd1+ {[%clk 0:00:36]} 38. Kf2 {[%clk 0:00:08]} Rb1
{[%clk 0:00:28]} 39. c3 {[%clk 0:00:08]} Nc4 {[%clk 0:00:26]} 40. Nd3
{[%clk 0:00:08]} Ke6 {[%clk 0:00:09]} 41. e5 {[%clk 0:00:10]} fxe5 42. h4 Nf7
{[%clk 0:00:08]} 43. Bxc6 {[%clk 0:00:11]} Kd6 {[%clk 0:00:09]} 44. Bxa4
{[%clk 0:00:08]} Nh6 {[%clk 0:00:08]} 45. Bb3 {[%clk 0:00:09]} b5
{[%clk 0:00:06]} 46. Bxc4 {[%clk 0:00:09]} bxc4 {[%clk 0:00:08]} 47. Nxe5
{[%clk 0:00:10]} Kd5 {[%clk 0:00:06]} 48. g4 {[%clk 0:00:10]} Rh1
{[%clk 0:00:05]} 49. g5 {[%clk 0:00:06]} Rh2+ {[%clk 0:00:04]} 50. Ke1
{[%clk 0:00:05]} Rh1+ {[%clk 0:00:05]} 51. Kd2 {[%clk 0:00:06]} Nf5
{[%clk 0:00:06]} 52. Nf3 {[%clk 0:00:07]} Rh3 {[%clk 0:00:07]} 53. Rf2
{[%clk 0:00:08]} Rg3 54. Ke2 {[%clk 0:00:07]} Rh3 {[%clk 0:00:06]} 55. Rh2
{[%clk 0:00:07]} Rg3 {[%clk 0:00:05]} 56. h5 {[%clk 0:00:08]} Nd6 57. hxg6
{[%clk 0:00:09]} hxg6 {[%clk 0:00:05]} 58. Rh6 {[%clk 0:00:04]} Rg2+
{[%clk 0:00:05]} 59. Kf1 {[%clk 0:00:04]} Rxb2 {[%clk 0:00:05]} 60. Rxg6
{[%clk 0:00:06]} Ne4 {[%clk 0:00:06]} 61. Ne1 {[%clk 0:00:04]} Nxc3
{[%clk 0:00:05]} 62. Ra6 {[%clk 0:00:04]} Ne4 {[%clk 0:00:05]} 63. Ng2
{[%clk 0:00:03]} Nxg5 {[%clk 0:00:04]} 64. Ne3+ {[%clk 0:00:03]} Kd4
{[%clk 0:00:04]} 65. Nd1 {[%clk 0:00:04]} Rd2 {[%clk 0:00:05]} 66. Ke1
{[%clk 0:00:06]} Nf3+ {[%clk 0:00:06]} 0-1

[Event "blitmenteam"]
[Site "?"]
[Date "2016.10.07"]
[Round "11.2"]
[White "Chos, Alexey"]
[Black "Morozevich, Alexander"]
[Result "0-1"]
[LiveChessVersion "1.4.4"]
[BlackElo "2669"]
[WhiteElo "2336"]

1. e4 {[%clk 0:03:03]} c5 {[%clk 0:03:02]} 2. Nf3 {[%clk 0:03:05]} e6
{[%clk 0:03:03]} 3. c4 {[%clk 0:03:05]} Nc6 {[%clk 0:03:03]} 4. Be2
{[%clk 0:03:07]} g5 {[%clk 0:03:04]} 5. h3 {[%clk 0:03:07]} Bg7 {[%clk 0:03:04]}
6. d3 {[%clk 0:02:59]} h6 {[%clk 0:03:04]} 7. Nc3 {[%clk 0:02:59]} Nge7
{[%clk 0:03:04]} 8. Be3 {[%clk 0:02:57]} Nd4 {[%clk 0:03:03]} 9. Bxd4
{[%clk 0:02:58]} cxd4 {[%clk 0:03:04]} 10. Nb1 {[%clk 0:02:59]} Ng6
{[%clk 0:02:55]} 11. g3 {[%clk 0:02:58]} d5 {[%clk 0:02:33]} 12. cxd5
{[%clk 0:02:42]} exd5 {[%clk 0:02:33]} 13. Nbd2 {[%clk 0:02:40]} O-O
{[%clk 0:02:33]} 14. h4 {[%clk 0:02:32]} g4 {[%clk 0:02:32]} 15. Nh2
{[%clk 0:02:31]} dxe4 {[%clk 0:02:25]} 16. Bxg4 {[%clk 0:02:24]} f5
{[%clk 0:02:17]} 17. Be2 {[%clk 0:02:18]} e3 {[%clk 0:02:12]} 18. Ndf3
{[%clk 0:02:17]} f4 {[%clk 0:02:10]} 19. h5 {[%clk 0:02:13]} exf2+
{[%clk 0:02:09]} 20. Kxf2 {[%clk 0:02:15]} fxg3+ {[%clk 0:02:10]} 21. Kxg3
{[%clk 0:02:16]} Be5+ {[%clk 0:01:34]} 22. Kf2 {[%clk 0:02:14]} Qh4+
{[%clk 0:01:33]} 0-1

[Event "blitmenteam"]
[Site "?"]
[Date "2016.10.07"]
[Round "11.3"]
[White "Popov, Ivan"]
[Black "Jary, Sergey"]
[Result "1/2-1/2"]
[LiveChessVersion "1.4.4"]
[BlackElo "2368"]
[WhiteElo "2606"]

1. e4 {[%clk 0:03:03]} c6 {[%clk 0:03:03]} 2. Nc3 d5 3. Nf3 {[%clk 0:03:04]} g6
{[%clk 0:03:06]} 4. h3 {[%clk 0:02:59]} Bg7 {[%clk 0:03:07]} 5. d4
{[%clk 0:03:00]} dxe4 {[%clk 0:03:03]} 6. Nxe4 {[%clk 0:03:01]} Nd7
{[%clk 0:03:04]} 7. Bd3 {[%clk 0:02:51]} Ngf6 {[%clk 0:03:05]} 8. c3
{[%clk 0:02:50]} O-O {[%clk 0:03:03]} 9. O-O {[%clk 0:02:51]} Nxe4
{[%clk 0:03:03]} 10. Bxe4 {[%clk 0:02:52]} e5 {[%clk 0:03:05]} 11. dxe5
{[%clk 0:02:19]} Nxe5 {[%clk 0:03:06]} 12. Bf4 {[%clk 0:02:17]} Qxd1
{[%clk 0:03:01]} 13. Raxd1 {[%clk 0:02:17]} Nxf3+ {[%clk 0:03:02]} 14. Bxf3
{[%clk 0:02:18]} Be6 {[%clk 0:03:03]} 15. a3 {[%clk 0:02:13]} Rfd8
{[%clk 0:02:58]} 16. Bg5 {[%clk 0:02:07]} f6 {[%clk 0:02:52]} 17. Be3
{[%clk 0:02:07]} a6 {[%clk 0:02:41]} 18. Bb6 {[%clk 0:02:07]} Rxd1
{[%clk 0:02:42]} 19. Rxd1 {[%clk 0:02:09]} Kf7 {[%clk 0:02:43]} 20. Bc5
{[%clk 0:01:51]} Ke8 {[%clk 0:02:26]} 21. Bb6 {[%clk 0:01:39]} Bf8
{[%clk 0:02:19]} 22. h4 {[%clk 0:01:39]} f5 {[%clk 0:02:12]} 23. g3
{[%clk 0:01:30]} Be7 {[%clk 0:02:12]} 24. Kf1 {[%clk 0:01:28]} Kf7
{[%clk 0:02:01]} 25. b4 {[%clk 0:01:24]} Bf6 {[%clk 0:01:53]} 26. Bd4
{[%clk 0:01:24]} Bc4+ {[%clk 0:01:49]} 27. Kg2 {[%clk 0:01:24]} Be7
{[%clk 0:01:47]} 28. Bb6 {[%clk 0:01:21]} Be6 {[%clk 0:01:49]} 29. Rd3
{[%clk 0:01:11]} Re8 {[%clk 0:01:42]} 30. a4 {[%clk 0:01:07]} Rc8
{[%clk 0:01:37]} 31. a5 {[%clk 0:00:59]} Ke8 {[%clk 0:01:35]} 32. Re3
{[%clk 0:00:57]} Kf7 {[%clk 0:01:36]} 33. Rd3 {[%clk 0:00:55]} Ke8
{[%clk 0:01:36]} 1/2-1/2

[Event "blitmenteam"]
[Site "?"]
[Date "2016.10.07"]
[Round "11.4"]
[White "Sanin, Andrey"]
[Black "Motylev, Alexander"]
[Result "0-1"]
[LiveChessVersion "1.4.4"]
[BlackElo "2613"]
[WhiteElo "2214"]

1. d4 {[%clk 0:03:03]} g6 {[%clk 0:03:04]} 2. c4 {[%clk 0:03:03]} Bg7
{[%clk 0:03:05]} 3. Nf3 {[%clk 0:03:04]} e6 {[%clk 0:03:06]} 4. Nc3
{[%clk 0:03:01]} Ne7 {[%clk 0:03:07]} 5. e4 {[%clk 0:03:00]} d5 {[%clk 0:03:08]}
6. Be2 {[%clk 0:02:56]} O-O {[%clk 0:03:08]} 7. O-O {[%clk 0:02:56]} Nbc6
{[%clk 0:02:48]} 8. Bg5 {[%clk 0:02:40]} dxc4 {[%clk 0:02:31]} 9. Bxc4
{[%clk 0:02:28]} h6 {[%clk 0:02:31]} 10. Be3 {[%clk 0:02:15]} Kh7
{[%clk 0:02:32]} 11. Qd2 {[%clk 0:02:12]} f5 {[%clk 0:02:31]} 12. Rad1
{[%clk 0:02:06]} fxe4 {[%clk 0:02:23]} 13. Nxe4 {[%clk 0:02:02]} Nd5
{[%clk 0:02:24]} 14. Rfe1 {[%clk 0:01:50]} b6 {[%clk 0:02:18]} 15. Bd3
{[%clk 0:01:44]} Nce7 {[%clk 0:02:16]} 16. Bb1 {[%clk 0:01:40]} Nf5
{[%clk 0:02:13]} 17. Nc3 {[%clk 0:01:36]} Bb7 {[%clk 0:02:12]} 18. Ne5
{[%clk 0:01:18]} Qh4 {[%clk 0:01:55]} 19. Nxd5 {[%clk 0:01:09]} Bxd5
{[%clk 0:01:56]} 20. f3 {[%clk 0:01:07]} Rad8 {[%clk 0:01:47]} 21. Bf2
{[%clk 0:01:04]} Qf6 {[%clk 0:01:44]} 22. b3 {[%clk 0:01:01]} Kg8
{[%clk 0:01:40]} 23. Rc1 {[%clk 0:01:00]} c5 {[%clk 0:01:37]} 24. Bxf5
{[%clk 0:00:51]} exf5 {[%clk 0:01:32]} 25. Qb2 {[%clk 0:00:49]} Rfe8
{[%clk 0:01:29]} 26. f4 {[%clk 0:00:39]} g5 {[%clk 0:01:12]} 27. dxc5
{[%clk 0:00:30]} gxf4 {[%clk 0:01:13]} 28. Bd4 {[%clk 0:00:31]} bxc5
{[%clk 0:01:04]} 29. Rxc5 {[%clk 0:00:29]} Re7 {[%clk 0:00:55]} 30. Bc3
{[%clk 0:00:07]} Qg5 {[%clk 0:00:53]} 31. Qf2 {[%clk 0:00:04]} Be4
{[%clk 0:00:45]} 32. Nc6 0-1